[Event "4. Open Municipio de Sanxenxo"]
[Site "Sanxenxo ESP"]
[Date "2007.06.18"]
[Round "3.6"]
[White "Sanchez Juncal, Benito"]
[Black "Malakhatko, Vadim"]
[Result "0-1"]
[WhiteElo "2224"]
[BlackElo "2598"]
[PlyCount "136"]
[EventDate "2007.06.16"]
[EventType "swiss"]
[EventRounds "9"]
[EventCountry "ESP"]
[Source "lmi"]
[SourceDate "2007.06.16"]

1. d4 c5 2. d5 g6 3. c4 Bg7 4. e4 d6 5. Bd3 a6 6. a4 e6 7. Ne2 Ne7 8. O-O O-O
9. Nbc3 Nd7 10. f4 exd5 11. Nxd5 Nxd5 12. exd5 f5 13. h3 b6 14. Qc2 Nf6 15. Bd2
Ra7 16. Rae1 Re7 17. Ng3 Rxe1 18. Rxe1 Bd7 19. b3 Qc7 20. Bc3 Rb8 21. Nf1 Qd8
22. g3 b5 23. axb5 axb5 24. Nd2 bxc4 25. bxc4 Nh5 26. Bxg7 Kxg7 27. Qc3+ Kg8
28. Kf2 Nf6 29. Rb1 Rxb1 30. Bxb1 Kf7 31. Bc2 h6 32. Bd3 Qg8 33. Qc2 Qg7 34.
Nf3 Ne8 35. Qb1 Kf8 36. Qc2 Qf6 37. Qd2 Nc7 38. Qa5 Ne8 39. Qd2 Qa1 40. Qe1 Qa3
41. Qe2 Kf7 42. Qc2 Nf6 43. Qe2 Ne8 44. Ne1 Qc3 45. Nc2 Ng7 46. Ne3 Qd4 47. Bc2
g5 48. Qf3 Ke7 49. Kg2 Kd8 50. h4 gxh4 51. gxh4 Kc7 52. Bd1 Nh5 53. Qxh5 Qxe3
54. Qf3 Qe1 55. h5 Qd2+ 56. Be2 Ba4 57. Qf2 Kb6 58. Bf1 Qxf2+ 59. Kxf2 Ka5 60.
Ke3 Kb4 61. Bd3 Bd7 62. Kd2 Kb3 63. Bf1 Kb4 64. Bd3 Ba4 65. Bxf5 Kxc4 66. Be6
Kd4 67. f5 Ke5 68. Ke3 Bd1 0-1

[Event "4. Open Municipio de Sanxenxo"]
[Site "Sanxenxo ESP"]
[Date "2007.06.18"]
[Round "3.7"]
[White "Ramesh, R B."]
[Black "Perez Cameselle, Francisco"]
[Result "1-0"]
[WhiteElo "2471"]
[BlackElo "2003"]
[PlyCount "91"]
[EventDate "2007.06.16"]
[EventType "swiss"]
[EventRounds "9"]
[EventCountry "ESP"]
[Source "lmi"]
[SourceDate "2007.06.16"]

1. d4 Nf6 2. c4 c6 3. Nf3 d5 4. Nc3 g6 5. e3 Bg7 6. Be2 O-O 7. O-O Nbd7 8. cxd5
cxd5 9. Qb3 Nb6 10. a4 a5 11. Bd2 Be6 12. Rfc1 h6 13. Ne5 Ne4 14. Nxe4 dxe4 15.
Qb5 Nd5 16. Be1 b6 17. Rc6 Bxe5 18. dxe5 Rc8 19. Rd1 Rxc6 20. Qxc6 Qc7 21. Bb5
Rc8 22. Rxd5 Qxc6 23. Bxc6 Rxc6 24. Rd8+ Kg7 25. Bc3 Rc4 26. h4 h5 27. Rb8 Rxa4
28. Rxb6 Ra1+ 29. Kh2 a4 30. Ra6 Ra2 31. Kg3 Kf8 32. Ra8+ Kg7 33. Bd4 Bd5 34.
e6+ f6 35. Re8 Bxe6 36. Rxe7+ Bf7 37. Ra7 Kf8 38. Bxf6 Bd5 39. Kf4 Ke8 40. Ke5
Bc6 41. Ke6 a3 42. Rc7 Bd5+ 43. Kxd5 axb2 44. Rb7 b1=Q 45. Rxb1 Rxf2 46. Ke6
1-0

[Event "4. Open Municipio de Sanxenxo"]
[Site "Sanxenxo ESP"]
[Date "2007.06.18"]
[Round "3.8"]
[White "Orfali, Marcelo-Rafael"]
[Black "Vila Gazquez, Xavier"]
[Result "0-1"]
[WhiteElo "2001"]
[BlackElo "2415"]
[PlyCount "104"]
[EventDate "2007.06.16"]
[EventType "swiss"]
[EventRounds "9"]
[EventCountry "ESP"]
[Source "lmi"]
[SourceDate "2007.06.16"]

1. e4 c5 2. a3 g6 3. b4 Bg7 4. Nc3 d6 5. h3 Nf6 6. Rb1 O-O 7. Nf3 Nc6 8. Be2
Nd4 9. O-O b6 10. Re1 Bb7 11. Bf1 Rc8 12. Bb2 e5 13. d3 Qd7 14. Nxd4 cxd4 15.
Ne2 Rc7 16. c3 dxc3 17. Nxc3 Rfc8 18. Qd2 h5 19. Rec1 Kh7 20. Nd1 Bh6 21. Ne3
Bc6 22. Rc2 Ba4 23. Rxc7 Rxc7 24. Rc1 Rxc1 25. Qxc1 Bc6 26. Qc3 Bb7 27. Be2 Ba6
28. Nd5 Nxd5 29. exd5 Bb5 30. g4 hxg4 31. hxg4 Qd8 32. Bc1 Bg7 33. Qc2 Bd7 34.
g5 Bf8 35. Be3 Be7 36. Qc1 Bb5 37. Qd2 Qc8 38. Bf3 Qf5 39. Be4 Qg4+ 40. Kh1 Kg8
41. Bg2 Bd7 42. Be4 Bf5 43. f3 Qh4+ 44. Kg1 Bd7 45. Qf2 Bxg5 46. Qxh4 Bxh4 47.
f4 Bg3 48. fxe5 Bxe5 49. d4 Bg7 50. Bd3 f5 51. Ba6 Bf6 52. Bb7 g5 0-1

[Event "4. Open Municipio de Sanxenxo"]
[Site "Sanxenxo ESP"]
[Date "2007.06.18"]
[Round "3.10"]
[White "Lesteiro Lores, Manuel"]
[Black "Alvarez Fernandez, Enrique"]
[Result "0-1"]
[WhiteElo "1991"]
[BlackElo "2301"]
[PlyCount "108"]
[EventDate "2007.06.16"]
[EventType "swiss"]
[EventRounds "9"]
[EventCountry "ESP"]
[Source "lmi"]
[SourceDate "2007.06.16"]

1. d4 c5 2. e3 d5 3. b3 Nc6 4. Nf3 Bg4 5. Be2 e6 6. O-O Nf6 7. Nbd2 Be7 8. Bb2
O-O 9. h3 Bh5 10. c4 Rc8 11. dxc5 Bxc5 12. Ne5 Bxe2 13. Qxe2 Qe7 14. Ng4 Nxg4
15. Qxg4 f5 16. Qe2 dxc4 17. Nxc4 e5 18. Rad1 b5 19. Nd2 a6 20. Nf3 e4 21. Ne1
f4 22. Qg4 Ne5 23. Bxe5 Qxe5 24. exf4 Qxf4 25. Qxf4 Rxf4 26. g3 Rf6 27. Ng2
Rcf8 28. Ne3 Rf3 29. Rde1 h5 30. Kg2 Bxe3 31. Rxe3 Rxe3 32. fxe3 Rc8 33. Rf4
Rc2+ 34. Rf2 Rc3 35. Re2 Kf7 36. Kf2 Ke6 37. Rd2 Rc1 38. Re2 Kd5 39. Rd2+ Kc5
40. g4 h4 41. Rd7 Rc2+ 42. Kf1 Rxa2 43. Rxg7 Rh2 44. Re7 Kb4 45. Rxe4+ Kxb3 46.
g5 Rxh3 47. Rg4 Rxe3 48. g6 Re8 49. Rxh4 Rg8 50. Rg4 a5 51. g7 a4 52. Ke2 a3
53. Rg3+ Kb2 54. Kd3 a2 0-1

[Event "4. Open Municipio de Sanxenxo"]
[Site "Sanxenxo ESP"]
[Date "2007.06.19"]
[Round "4.2"]
[White "Graf, Alexander"]
[Black "Aguera Naredo, Javier"]
[Result "1-0"]
[WhiteElo "2620"]
[BlackElo "2365"]
[PlyCount "53"]
[EventDate "2007.06.16"]
[EventType "swiss"]
[EventRounds "9"]
[EventCountry "ESP"]
[Source "lmi"]
[SourceDate "2007.06.16"]

1. d4 Nf6 2. c4 e6 3. Nf3 d5 4. Nc3 Bb4 5. Bg5 h6 6. Bh4 g5 7. Bg3 Ne4 8. Qb3
c5 9. e3 Qa5 10. Bd3 Nxc3 11. O-O Nc6 12. bxc3 Bxc3 13. Rac1 cxd4 14. exd4 Bb4
15. cxd5 exd5 16. Ne5 Ne7 17. Rb1 Bd2 18. Bb5+ Kf8 19. Qf3 Rh7 20. Rfd1 f5 21.
Qh5 Be6 22. Ng6+ Kf7 23. Nf4+ Kg8 24. Nxe6 f4 25. Bd3 Rf7 26. Rxb7 fxg3 27.
Rxe7 1-0

[Event "4. Open Municipio de Sanxenxo"]
[Site "Sanxenxo ESP"]
[Date "2007.06.19"]
[Round "4.3"]
[White "Vila Gazquez, Xavier"]
[Black "Giorgadze, Giorgi"]
[Result "0-1"]
[WhiteElo "2415"]
[BlackElo "2610"]
[PlyCount "84"]
[EventDate "2007.06.16"]
[EventType "swiss"]
[EventRounds "9"]
[EventCountry "ESP"]
[Source "lmi"]
[SourceDate "2007.06.16"]

1. e4 e5 2. Bc4 Nf6 3. d3 c6 4. Nf3 d5 5. Bb3 Bd6 6. exd5 Nxd5 7. O-O O-O 8.
Re1 Bg4 9. h3 Bh5 10. g4 Bg6 11. Nxe5 Bxe5 12. Rxe5 Nd7 13. Re1 Qh4 14. Qf3
Rfe8 15. Rf1 h5 16. Bxd5 cxd5 17. Qxd5 Qxh3 18. Qg2 hxg4 19. Qxh3 gxh3 20. Nc3
Ne5 21. Kh2 Nf3+ 22. Kxh3 Nd4 23. Bf4 Nxc2 24. Rad1 Rad8 25. d4 Bh5 26. Rd2
Nxd4 27. Be3 Nf5 28. Rxd8 Rxd8 29. Bxa7 Bf3 30. Re1 f6 31. Bb6 Rc8 32. Re3 Nxe3
33. Bxe3 Kf7 34. Kg3 Bc6 35. a4 Ke6 36. a5 Bd5 37. Ne2 Bc4 38. Nd4+ Ke5 39. b4
Rd8 40. Nf3+ Kd5 41. Kf4 Rh8 42. Bc5 Be2 0-1

[Event "4. Open Municipio de Sanxenxo"]
[Site "Sanxenxo ESP"]
[Date "2007.06.19"]
[Round "4.4"]
[White "Malakhatko, Vadim"]
[Black "Perez Fungueiro, Manuel A"]
[Result "1-0"]
[WhiteElo "2598"]
[BlackElo "2226"]
[PlyCount "83"]
[EventDate "2007.06.16"]
[EventType "swiss"]
[EventRounds "9"]
[EventCountry "ESP"]
[Source "lmi"]
[SourceDate "2007.06.16"]

1. d4 f5 2. Nc3 Nf6 3. Bg5 d5 4. Bxf6 exf6 5. e3 Be6 6. Qf3 Qd7 7. Bb5 Nc6 8.
Nge2 a6 9. Ba4 Rd8 10. h3 h5 11. Nf4 Bf7 12. O-O-O g5 13. Nd3 b5 14. Bb3 Na5
15. g4 hxg4 16. hxg4 Rxh1 17. Rxh1 Nxb3+ 18. axb3 Bg6 19. gxf5 Qxf5 20. Qg2 Kf7
21. f3 Qe6 22. Qf2 Kg8 23. e4 dxe4 24. fxe4 b4 25. Nd5 Bg7 26. Nc5 Qf7 27. Nxb4
f5 28. e5 f4 29. Rg1 Qf5 30. Nbd3 f3 31. Kb1 g4 32. Ka2 a5 33. Qe3 Qh5 34. Nf2
Bh6 35. Qc3 Bf5 36. Nce4 Bg7 37. Ng3 Qh2 38. Nxf5 Qxg1 39. Qxc7 Bf8 40. Ne4 Qh2
41. Nf6+ Kh8 42. Qxd8 1-0

[Event "4. Open Municipio de Sanxenxo"]
[Site "Sanxenxo ESP"]
[Date "2007.06.19"]
[Round "4.5"]
[White "Lariño Nieto, David"]
[Black "Ramesh, R B."]
[Result "1/2-1/2"]
[WhiteElo "2404"]
[BlackElo "2471"]
[PlyCount "89"]
[EventDate "2007.06.16"]
[EventType "swiss"]
[EventRounds "9"]
[EventCountry "ESP"]
[Source "lmi"]
[SourceDate "2007.06.16"]

1. e4 e5 2. Nf3 Nc6 3. Nc3 Nf6 4. g3 Bc5 5. Bg2 d6 6. d3 a6 7. O-O O-O 8. Be3
Bxe3 9. fxe3 Ne7 10. Nh4 Ng4 11. Qe2 Nh6 12. Rf2 c6 13. h3 Qb6 14. b3 f6 15. g4
Nf7 16. Nf5 Bxf5 17. gxf5 Kh8 18. Rf3 Nh6 19. Kh2 Qa5 20. Qe1 d5 21. a3 dxe4
22. dxe4 Rad8 23. b4 Qc7 24. Na4 b6 25. Nb2 g6 26. fxg6 Nxg6 27. a4 f5 28. a5
b5 29. Nd3 f4 30. Qc3 fxe3 31. Rxf8+ Rxf8 32. Rf1 Rxf1 33. Bxf1 Qf7 34. Be2 Qf6
35. Qc5 Nf7 36. Qxe3 Nf4 37. Bg4 Qg5 38. Qg3 Nxd3 39. Qxd3 Qf6 40. Kg2 Ng5 41.
Bf5 Ne6 42. Bxe6 Qxe6 43. Qg3 Qg8 44. Qg4 h5 45. Qxg8+ 1/2-1/2

[Event "4. Open Municipio de Sanxenxo"]
[Site "Sanxenxo ESP"]
[Date "2007.06.19"]
[Round "4.6"]
[White "Alvarez Fernandez, Enrique"]
[Black "Wippermann, Till"]
[Result "0-1"]
[WhiteElo "2301"]
[BlackElo "2422"]
[PlyCount "112"]
[EventDate "2007.06.16"]
[EventType "swiss"]
[EventRounds "9"]
[EventCountry "ESP"]
[Source "lmi"]
[SourceDate "2007.06.16"]

1. d4 Nf6 2. Nf3 g6 3. Bf4 Bg7 4. e3 O-O 5. Be2 d6 6. h3 c5 7. c3 Be6 8. dxc5
dxc5 9. Qxd8 Rxd8 10. Nbd2 Nc6 11. O-O Bf5 12. Nb3 Ne4 13. Ng5 Nxg5 14. Bxg5 h6
15. Bh4 g5 16. Bg3 b6 17. Bf3 Rac8 18. Rfd1 Ne5 19. Bxe5 Bxe5 20. Rxd8+ Rxd8
21. Rd1 Rxd1+ 22. Bxd1 Kg7 23. Be2 Be6 24. Nc1 f5 25. Kf1 Kg6 26. Bd3 Kf6 27.
a3 h5 28. Ne2 Bd7 29. f4 Bd6 30. g3 h4 31. gxh4 gxh4 32. Kf2 e5 33. c4 Bc6 34.
Bc2 a6 35. b3 Be8 36. Nc3 exf4 37. Nd5+ Kg5 38. e4 fxe4 39. Bxe4 b5 40. cxb5
axb5 41. Bd3 Be5 42. Be4 Bb2 43. Bd3 Bxa3 44. Nc7 Bd7 45. Nxb5 Bc1 46. Bf1 Be3+
47. Ke1 Be6 48. Nd6 Bxb3 49. Ne4+ Kf5 50. Bd3 Ke5 51. Ng5 c4 52. Nf3+ Kf6 53.
Bb1 c3 54. Nxh4 c2 55. Bxc2 Bxc2 56. Ke2 Be4 0-1

[Event "4. Open Municipio de Sanxenxo"]
[Site "Sanxenxo ESP"]
[Date "2007.06.19"]
[Round "4.7"]
[White "Saborido Bua, Jorge"]
[Black "De La Villa Garcia, Jesus M"]
[Result "0-1"]
[WhiteElo "1990"]
[BlackElo "2457"]
[PlyCount "80"]
[EventDate "2007.06.16"]
[EventType "swiss"]
[EventRounds "9"]
[EventCountry "ESP"]
[Source "lmi"]
[SourceDate "2007.06.16"]

1. e4 e6 2. d4 d5 3. Nc3 Bb4 4. exd5 exd5 5. Bd3 Nc6 6. Nge2 Be7 7. Be3 Nf6 8.
f3 O-O 9. Qd2 Nb4 10. O-O-O c6 11. g4 b5 12. Bf5 Bxf5 13. gxf5 Qd7 14. Rhg1 Kh8
15. Ng3 Rg8 16. Rde1 Rae8 17. Bf4 c5 18. Be5 c4 19. Nce2 Nxa2+ 20. Kb1 b4 21.
Bxf6 Bxf6 22. Kxa2 Qa4+ 23. Kb1 Rc8 24. Nc3 bxc3 25. Qxc3 Rc6 26. Nh5 Ra6 27.
Kc1 Bh4 28. Ref1 Rh6 29. Nf4 Bg5 30. Rxg5 Qa1+ 31. Kd2 Rxh2+ 32. Ne2 Qxf1 33.
Qe3 f6 34. Rg3 Qf2 35. Qxf2 Rxf2 36. Kd1 Rb8 37. f4 Rxb2 38. Re3 h5 39. Re7
Rb1+ 40. Kd2 h4 0-1

[Event "4. Open Municipio de Sanxenxo"]
[Site "Sanxenxo ESP"]
[Date "2007.06.19"]
[Round "4.8"]
[White "Caselas Cabanas, Jacobo"]
[Black "Rudolph, Johannes"]
[Result "1-0"]
[WhiteElo "2423"]
[BlackElo "2266"]
[PlyCount "77"]
[EventDate "2007.06.16"]
[EventType "swiss"]
[EventRounds "9"]
[EventCountry "ESP"]
[Source "lmi"]
[SourceDate "2007.06.16"]

1. d4 d5 2. c4 c6 3. Nf3 Nf6 4. Nc3 dxc4 5. a4 Bf5 6. e3 e6 7. Bxc4 Bb4 8. O-O
Nbd7 9. Qe2 Bg6 10. e4 O-O 11. Bd3 Bh5 12. e5 Nd5 13. Nxd5 cxd5 14. Qe3 Re8 15.
Ne1 Bxe1 16. Rxe1 Bg6 17. Be2 a6 18. Bd2 Rc8 19. Rec1 Qb6 20. b4 Qa7 21. h4 h6
22. a5 Nb8 23. h5 Be4 24. b5 axb5 25. Bxb5 Nc6 26. a6 Qb6 27. axb7 Qxb7 28. Ba6
Qd7 29. Bxc8 Rxc8 30. Rc5 Ne7 31. Rxc8+ Nxc8 32. Bb4 Nb6 33. Bc5 Nc4 34. Ra8+
Kh7 35. Qb3 Qc7 36. f3 Bf5 37. g4 Nxe5 38. gxf5 Nc4 39. Qb8 1-0

[Event "4. Open Municipio de Sanxenxo"]
[Site "Sanxenxo ESP"]
[Date "2007.06.19"]
[Round "4.9"]
[White "Recuero Guerra, David"]
[Black "Patino Romaris, Juan Roberto"]
[Result "1-0"]
[WhiteElo "2372"]
[BlackElo "2241"]
[PlyCount "69"]
[EventDate "2007.06.16"]
[EventType "swiss"]
[EventRounds "9"]
[EventCountry "ESP"]
[Source "lmi"]
[SourceDate "2007.06.16"]

1. e4 e6 2. d4 d5 3. Nc3 Bb4 4. e5 Ne7 5. Bd2 c5 6. Nce2 Ba5 7. dxc5 Nbc6 8. f4
O-O 9. Nf3 Nf5 10. c3 f6 11. g4 Nfe7 12. exf6 Rxf6 13. Qc2 e5 14. Nxe5 Bc7 15.
Nxc6 bxc6 16. h3 Qf8 17. O-O-O Ng6 18. f5 Ne5 19. Be3 Nc4 20. Bd4 Rb8 21. b3
Ne5 22. Ng3 Rf7 23. Bd3 Nd7 24. Qf2 a5 25. Rhe1 Bd8 26. Nh5 Be7 27. Rxe7 Rxe7
28. Qf4 Bb7 29. g5 Rbe8 30. f6 gxf6 31. gxf6 Rf7 32. Rg1+ Kh8 33. Rg7 Nxc5 34.
Rxh7+ Rxh7 35. f7+ 1-0

[Event "4. Open Municipio de Sanxenxo"]
[Site "Sanxenxo ESP"]
[Date "2007.06.19"]
[Round "4.10"]
[White "Wintzer, Joachim"]
[Black "Cruz Alvarez De Ron, Dan"]
[Result "1/2-1/2"]
[WhiteElo "2351"]
[BlackElo "2194"]
[PlyCount "174"]
[EventDate "2007.06.16"]
[EventType "swiss"]
[EventRounds "9"]
[EventCountry "ESP"]
[Source "lmi"]
[SourceDate "2007.06.16"]

1. c4 c5 2. Nf3 Nf6 3. Nc3 Nc6 4. e3 d5 5. d4 cxd4 6. exd4 Bg4 7. cxd5 Nxd5 8.
Be2 e6 9. O-O Be7 10. h3 Bh5 11. Qb3 O-O 12. Qxb7 Ndb4 13. Bf4 a6 14. Qc7 Qe8
15. Be3 e5 16. Nxe5 Rc8 17. Qd7 Bxe2 18. Nxe2 Nxe5 19. Qxe8 Rfxe8 20. dxe5 Rc2
21. Nc1 Rxb2 22. Bd4 Rc2 23. a3 Nc6 24. Be3 Nxe5 25. a4 Bf6 26. Ra2 Rec8 27. a5
h5 28. Rd1 Rxa2 29. Nxa2 Rc4 30. Bb6 Nc6 31. Rc1 Nxa5 32. Bxa5 Ra4 33. Bc3 Rxa2
34. Bxf6 gxf6 35. Rc5 a5 36. Rxh5 Kg7 37. g4 a4 38. Ra5 a3 39. Kg2 Ra1 40. h4
Kg6 41. Ra6 Kg7 42. h5 Kh6 43. Rxf6+ Kg5 44. Rxf7 Kxg4 45. h6 a2 46. Ra7 Rc1
47. h7 Rc8 48. Rxa2 Rh8 49. Ra7 Kf4 50. Kh3 Kg5 51. Kg3 Kf5 52. Kh4 Kg6 53. Kg4
Kh6 54. Kf5 Rf8+ 55. Ke6 Kg6 56. Re7 Ra8 57. Ke5 Ra5+ 58. Kf4 Rh5 59. Ke4 Kf6
60. Ra7 Rh1 61. Rc7 Re1+ 62. Kf4 Rh1 63. Kg3 Kg6 64. Kg4 Rg1+ 65. Kf4 Rh1 66.
f3 Kf6 67. Rd7 Rh2 68. Ke4 Rh5 69. f4 Kg6 70. f5+ Kf6 71. Rd6+ Kg7 72. Ke5 Rh1
73. Re6 Kxh7 74. Kf6 Kg8 75. Re8+ Kh7 76. Kf7 Ra1 77. f6 Ra6 78. Re7 Ra8 79.
Rb7 Rc8 80. Ra7 Rb8 81. Re7 Ra8 82. Rd7 Rb8 83. Rd6 Rb7+ 84. Ke8 Kg8 85. Rd7
Rxd7 86. Kxd7 Kf7 87. Kd6 Kxf6 1/2-1/2

[Event "4. Open Municipio de Sanxenxo"]
[Site "Sanxenxo ESP"]
[Date "2007.06.20"]
[Round "5.2"]
[White "Giorgadze, Giorgi"]
[Black "Graf, Alexander"]
[Result "1/2-1/2"]
[WhiteElo "2610"]
[BlackElo "2620"]
[PlyCount "22"]
[EventDate "2007.06.16"]
[EventType "swiss"]
[EventRounds "9"]
[EventCountry "ESP"]
[Source "lmi"]
[SourceDate "2007.06.16"]

1. d4 d5 2. c4 c6 3. Nc3 Nf6 4. cxd5 cxd5 5. Nf3 Nc6 6. Bf4 Bf5 7. e3 e6 8. Bd3
Bxd3 9. Qxd3 Bd6 10. Bxd6 Qxd6 11. O-O O-O 1/2-1/2

[Event "4. Open Municipio de Sanxenxo"]
[Site "Sanxenxo ESP"]
[Date "2007.06.20"]
[Round "5.3"]
[White "Wippermann, Till"]
[Black "Reinaldo Castineira, Roi"]
[Result "1/2-1/2"]
[WhiteElo "2422"]
[BlackElo "2452"]
[PlyCount "59"]
[EventDate "2007.06.16"]
[EventType "swiss"]
[EventRounds "9"]
[EventCountry "ESP"]
[Source "lmi"]
[SourceDate "2007.06.16"]

1. e4 c5 2. Nf3 Nf6 3. e5 Nd5 4. Nc3 e6 5. Nxd5 exd5 6. d4 Nc6 7. dxc5 Bxc5 8.
Qxd5 Qb6 9. Bc4 Bxf2+ 10. Ke2 O-O 11. Rf1 Bc5 12. Ng5 Nxe5 13. Nxf7 Nxf7 14.
Rxf7 Qe6+ 15. Qxe6 dxe6 16. Rxf8+ Kxf8 17. Be3 Bxe3 18. Kxe3 Bd7 19. Bd3 h6 20.
Be4 Rc8 21. Rf1+ Ke7 22. Bg6 Be8 23. Bd3 Bc6 24. g3 Rd8 25. c4 b6 26. Bg6 Be8
27. Be4 Rc8 28. b3 Bc6 29. Bg6 Be8 30. Be4 1/2-1/2

[Event "4. Open Municipio de Sanxenxo"]
[Site "Sanxenxo ESP"]
[Date "2007.06.20"]
[Round "5.5"]
[White "De La Villa Garcia, Jesus M"]
[Black "Aloma Vidal, Robert"]
[Result "1/2-1/2"]
[WhiteElo "2457"]
[BlackElo "2321"]
[PlyCount "112"]
[EventDate "2007.06.16"]
[EventType "swiss"]
[EventRounds "9"]
[EventCountry "ESP"]
[Source "lmi"]
[SourceDate "2007.06.16"]

1. e4 c5 2. Nf3 d6 3. d4 cxd4 4. Nxd4 Nf6 5. Nc3 g6 6. Be3 Bg7 7. Be2 O-O 8.
Qd2 Nc6 9. O-O-O Nxd4 10. Bxd4 b5 11. Bf3 b4 12. Nd5 e5 13. Nxf6+ Bxf6 14. Be3
Qa5 15. Kb1 Be6 16. b3 Rac8 17. h3 d5 18. Bg4 d4 19. Bh6 Rfd8 20. Bxe6 fxe6 21.
a4 Rc3 22. Bg5 Bxg5 23. Qxg5 d3 24. Rxd3 Rdxd3 25. cxd3 Rxb3+ 26. Kc2 Rc3+ 27.
Kd2 b3 28. Ke2 Rc2+ 29. Kf3 Qc5 30. Qe3 Qf8+ 31. Kg3 Rc3 32. f3 Qd8 33. h4 Qd4
34. Qxd4 exd4 35. Kf4 Rxd3 36. Rb1 Kf7 37. Ke5 a5 38. Rc1 b2 39. Rc7+ Ke8 40.
Rb7 Rd2 41. Kxe6 Kd8 42. Kd5 Kc8 43. Rb5 Rxg2 44. Kxd4 h5 45. f4 Kd7 46. Ke5
Re2 47. f5 gxf5 48. Kxf5 Kd6 49. Kg5 Rc2 50. e5+ Ke6 51. Kxh5 Rh2 52. Kg4 Re2
53. Kf3 Rc2 54. h5 Rc3+ 55. Ke4 Rc4+ 56. Kd3 Rxa4 1/2-1/2

[Event "4. Open Municipio de Sanxenxo"]
[Site "Sanxenxo ESP"]
[Date "2007.06.20"]
[Round "5.7"]
[White "Zozulia, Anna"]
[Black "Lariño Nieto, David"]
[Result "0-1"]
[WhiteElo "2344"]
[BlackElo "2404"]
[PlyCount "86"]
[EventDate "2007.06.16"]
[EventType "swiss"]
[EventRounds "9"]
[EventCountry "ESP"]
[Source "lmi"]
[SourceDate "2007.06.16"]

1. e4 e6 2. d4 d5 3. Nd2 Nf6 4. e5 Nfd7 5. Bd3 c5 6. c3 Nc6 7. Ne2 cxd4 8. cxd4
f6 9. exf6 Nxf6 10. O-O Bd6 11. Nf3 Qc7 12. Bg5 O-O 13. Rc1 Ng4 14. Ng3 Qb6 15.
Bd2 e5 16. dxe5 Ncxe5 17. Bc3 Nxf3+ 18. gxf3 Ne5 19. Bxe5 Bxe5 20. Qc2 Qh6 21.
Rfe1 Bd6 22. Qb3 Be6 23. Rc2 Rf4 24. Rce2 Bf7 25. Qxb7 Rf8 26. Qd7 Rh4 27. Nf5
Qg5+ 28. Ng3 Rh6 29. Qg4 Qf6 30. h3 Kh8 31. Kg2 g6 32. Re6 Bxe6 33. Rxe6 Qf4
34. Ne2 Qh2+ 35. Kf1 Bc5 36. Ke1 Qxf2+ 37. Kd2 Qxf3 38. Qg5 Rxh3 39. Qe5+ Kg8
40. Bxg6 Bb4+ 41. Kc2 Rc8+ 42. Nc3 Rxc3+ 43. bxc3 Qxc3+ 0-1

[Event "4. Open Municipio de Sanxenxo"]
[Site "Sanxenxo ESP"]
[Date "2007.06.20"]
[Round "5.8"]
[White "Rodriguez, Lopez Rafael"]
[Black "Vila Gazquez, Xavier"]
[Result "0-1"]
[WhiteElo "2271"]
[BlackElo "2415"]
[PlyCount "124"]
[EventDate "2007.06.16"]
[EventType "swiss"]
[EventRounds "9"]
[EventCountry "ESP"]
[Source "lmi"]
[SourceDate "2007.06.16"]

1. d4 Nf6 2. Nf3 e6 3. c4 Bb4+ 4. Bd2 Qe7 5. g3 Nc6 6. Nc3 O-O 7. Bg2 Bxc3 8.
Bxc3 Ne4 9. Rc1 Nxc3 10. Rxc3 d6 11. d5 Nb8 12. dxe6 fxe6 13. O-O e5 14. c5 Nc6
15. cxd6 cxd6 16. Qd2 Bg4 17. h3 Bh5 18. Qg5 Qe8 19. Rd1 Rd8 20. b4 h6 21. Qe3
d5 22. Rc5 d4 23. Qb3+ Bf7 24. Qb2 Rd5 25. Rdc1 Rxc5 26. Rxc5 Qe7 27. Nd2 Kh8
28. Bxc6 bxc6 29. Rxc6 Be6 30. Qc2 Qf7 31. Ne4 Bd5 32. Rc8 Bxe4 33. Rxf8+ Qxf8
34. Qxe4 Qxb4 35. Qxe5 Qb1+ 36. Kg2 Qxa2 37. Qxd4 a5 38. e4 a4 39. e5 a3 40.
Qd7 Qe2 41. Qc8+ Kh7 42. Qf5+ Kh8 43. Qf8+ Kh7 44. Qxa3 Qxe5 45. Qd3+ Kh8 46.
h4 Qc5 47. Qf3 Qc1 48. h5 Qd2 49. Qf5 Qc1 50. g4 Qc6+ 51. f3 Qc1 52. Kg3 Qg1+
53. Kf4 Qh2+ 54. Ke4 Qe2+ 55. Kd5 Qd2+ 56. Ke5 Qe2+ 57. Qe4 Qb2+ 58. Ke6 Qb6+
59. Kf7 Qb3+ 60. Kf8 Qa3+ 61. Ke8 Qd6 62. Qa8 Qe6+ 0-1

[Event "4. Open Municipio de Sanxenxo"]
[Site "Sanxenxo ESP"]
[Date "2007.06.20"]
[Round "5.9"]
[White "Cruz Alvarez De Ron, Dan"]
[Black "Garcia Castro, Pablo"]
[Result "1-0"]
[WhiteElo "2194"]
[BlackElo "2379"]
[PlyCount "97"]
[EventDate "2007.06.16"]
[EventType "swiss"]
[EventRounds "9"]
[EventCountry "ESP"]
[Source "lmi"]
[SourceDate "2007.06.16"]

1. Nf3 c5 2. e4 e6 3. d4 cxd4 4. Nxd4 Nf6 5. Nc3 Nc6 6. Nxc6 bxc6 7. e5 Nd5 8.
Ne4 Qa5+ 9. c3 Qc7 10. f4 Qb6 11. c4 Bb4+ 12. Ke2 Ba6 13. Kf3 f5 14. exf6 Nxf6
15. Be3 c5 16. Nxf6+ gxf6 17. Kf2 Ba5 18. Rb1 Qc6 19. Qh5+ Ke7 20. Qxc5+ Qxc5
21. Bxc5+ d6 22. Be3 Rhc8 23. b3 Bb7 24. Be2 Be4 25. Rbc1 Bb4 26. Bf3 Bxf3 27.
Kxf3 a5 28. Rhd1 f5 29. Rd3 Rc7 30. Rcd1 a4 31. Bd2 Bxd2 32. R1xd2 axb3 33.
axb3 Ra3 34. Re3 Rb7 35. Rb2 Rb4 36. Kf2 Kf6 37. Rbe2 e5 38. fxe5+ dxe5 39.
Rxe5 Raxb3 40. Re6+ Kg5 41. Rc2 Rb7 42. c5 h5 43. c6 Rc7 44. h4+ Kxh4 45. Rg6
f4 46. Rc4 Rb2+ 47. Kg1 Rf7 48. c7 Rb1+ 49. Kh2 1-0

[Event "4. Open Municipio de Sanxenxo"]
[Site "Sanxenxo ESP"]
[Date "2007.06.20"]
[Round "5.10"]
[White "Lesteiro Lores, Manuel"]
[Black "Wintzer, Joachim"]
[Result "0-1"]
[WhiteElo "1991"]
[BlackElo "2351"]
[PlyCount "50"]
[EventDate "2007.06.16"]
[EventType "swiss"]
[EventRounds "9"]
[EventCountry "ESP"]
[Source "lmi"]
[SourceDate "2007.06.16"]

1. d4 e6 2. Nf3 c5 3. e3 Nf6 4. Bd3 b6 5. Qe2 cxd4 6. exd4 Bb7 7. Bg5 Be7 8.
Nbd2 Nd5 9. Bxe7 Qxe7 10. O-O Nf4 11. Qe3 Nxd3 12. Qxd3 O-O 13. Rfe1 Re8 14. c3
h6 15. Qe3 d6 16. Ne4 Nd7 17. Ng3 Nf6 18. Rad1 Qd7 19. Qd3 Qa4 20. a3 Rac8 21.
Nd2 Qc6 22. Nge4 Nxe4 23. Qxe4 Qd7 24. Qd3 Qa4 25. Re3 Qxd1+ 0-1

[Event "4. Open Municipio de Sanxenxo"]
[Site "Sanxenxo ESP"]
[Date "2007.06.21"]
[Round "6.2"]
[White "Caselas Cabanas, Jacobo"]
[Black "Giorgadze, Giorgi"]
[Result "1/2-1/2"]
[WhiteElo "2423"]
[BlackElo "2610"]
[PlyCount "47"]
[EventDate "2007.06.16"]
[EventType "swiss"]
[EventRounds "9"]
[EventCountry "ESP"]
[Source "lmi"]
[SourceDate "2007.06.16"]

1. d4 Nf6 2. Nf3 e6 3. Bg5 c5 4. e3 b6 5. d5 d6 6. Nc3 Be7 7. Bb5+ Bd7 8. Bc4
O-O 9. a4 Ne8 10. Bxe7 Qxe7 11. O-O Nc7 12. Qe2 a6 13. e4 e5 14. Nd2 Ra7 15.
Rab1 Bc8 16. b4 cxb4 17. Rxb4 Na8 18. Bd3 Rc7 19. Nc4 Nd7 20. Rfb1 Rc5 21. Nd1
g6 22. Nce3 a5 23. R4b3 Nc7 24. Ra3 1/2-1/2

[Event "4. Open Municipio de Sanxenxo"]
[Site "Sanxenxo ESP"]
[Date "2007.06.21"]
[Round "6.3"]
[White "Malakhatko, Vadim"]
[Black "Wippermann, Till"]
[Result "1/2-1/2"]
[WhiteElo "2598"]
[BlackElo "2422"]
[PlyCount "47"]
[EventDate "2007.06.16"]
[EventType "swiss"]
[EventRounds "9"]
[EventCountry "ESP"]
[Source "lmi"]
[SourceDate "2007.06.16"]

1. d4 Nf6 2. Nf3 d5 3. c4 e6 4. Nc3 c5 5. cxd5 Nxd5 6. g3 cxd4 7. Nxd5 Qxd5 8.
Qxd4 Qb5 9. e4 Qb4+ 10. Qxb4 Bxb4+ 11. Bd2 Bxd2+ 12. Kxd2 Ke7 13. Ke3 Nc6 14.
Bb5 Bd7 15. Rhc1 Rac8 16. Bxc6 Bxc6 17. Nd4 Bd7 18. f4 f6 19. Ne2 Rhd8 20. Rxc8
Rxc8 21. Rc1 Rxc1 22. Nxc1 e5 23. fxe5 fxe5 24. Nd3 1/2-1/2